000 00588nam a2200157 a 4500
005 20140414131907.0
008 100930s19uu xx 00 eng d
050 _aM 793.8
_bK85 1973
100 _aKraske, Robert.
245 _aHarry Houdini, master of magic.
260 _aNew York :
_bScholastic ,
_c1973.
520 _aA brief biography of Ehrich Weiss, who gained renown as Harry Houdini, master magician and escape artist.
650 _aMagicians --United States --Biography --Juvenile literature.
650 _aHoudini, Harry, 1874-1926 --Juvenile literature.
999 _c110993
_d110993